000 00666cab a2200229 4500
001 ABS60415
008 090401t1999 xxu||||| |||| 00| 0 eng d
035 _a(Sirsi) u93066
041 _aeng
100 _aHodgson, G.
245 _aHighways Agency design and build conditions of contract
260 _c1999
350 _a0
490 _aProceedings of the Institution of Civil Engineers
_v(135) February 1999, 17-28(12)
650 _aCONDITIONS OF CONTRACT
650 _aDESIGN AND BUILD CONTRACTS
650 _aHIGHWAYS AGENCY
650 _aProcurement-old
690 _aBUILT ENVIRONMENT-BUILDING CONTRACT FORMS
942 _n0
948 _c29/04/1999
999 _c58985
_d58985